| 000 | 00501nam a2200181Ia 4500 | ||
|---|---|---|---|
| 999 |
_c7892 _d7892 |
||
| 003 | OSt | ||
| 005 | 20200107135655.0 | ||
| 008 | 190216s9999||||xx |||||||||||||| ||und|| | ||
| 020 | _a9788191064292 | ||
| 040 | _coclc | ||
| 082 |
_a658.8 _bGUP/M |
||
| 100 |
_aGupta, S L _91031 |
||
| 245 | 0 |
_aMarketing Of Services / _cS L Gupta |
|
| 260 |
_bInternational Book House, _c2012. _aNew Delhi |
||
| 300 | _a399p | ||
| 650 | _aMarketing | ||
| 942 |
_cBK _2ddc _h658.8 _iGUP/M _k658.8 _mGUP/M |
||